000 01109nam a22002777a 4500
003 SISC
005 20190112081939.0
008 160714b xxu||||| |||| 00| 0 eng d
020 _a9780062203137
050 _aPZ 7 .C2685133 2012
100 _aCass, Keira
245 _aThe selection /
_cKiera Cass.
250 _a1st ed.
260 _aNew York :
_bHarperCollins Publishers,
_cc2012.
300 _a327 p.
_c21 cm.
440 _aThe selection series
520 _a"Sixteen-year-old America Singer is living in the caste-divided nation of Illéa, which formed after the war that destroyed the United States. America is chosen to compete in the Selection--a contest to see which girl can win the heart of Illéa's prince--but all she really wants is a chance for a future with her secret love, Aspen, who is a caste below her"-- Provided by publisher.
650 _aMarriage--Fiction.
650 _aContests--Fiction.
650 _aSocial classes--Fiction.
650 _aPrinces--Fiction.
650 _aLove--Fiction.
942 _2lcc
_cBK
999 _c297727
_d297727